000 01778ctm a2200289 i 4500
003 SA-RiAUC
005 20260313114217.0
008 260212q19001999xx g 000r0 ara c
040 _aSA-JeALM
_bara
_cSA-RiAUC
_erda
082 0 4 _a214.389
090 _aم ن 214.389
_bخ ط ي
100 1 _aالخطيب، عبد القادر بن أحمد،
_dتوفي قبل 1312 هجري
_eمؤلف.
245 1 0 _aهذه الرسالة في تحرير المقادير الشرعية على مذهب الأئمة الأربعة المجتهدين /
_cعبد القادر بن أحمد الخطيب الطرابلسي.
246 3 3 _aنبذة من رسالة العلامة عبد القادر الطرابلسي المدني
264 0 _c[بين 1900 و1999]
300 _a30 صفحة ؛
_c29 سم.
336 _aنص
_btxt
_2rdacontent
_3مخطوطة
337 _aبدون وسيط
_bn
_2rdamedia
338 _aمجلد
_bnc
_2rdacarrier
500 _aأوله : وأما المد والصاع النبويان ففيهما خلاف بين الأئمة أيضا فالمذكور في كتب أصحابنا الحنفية أن الصاع النبوي أربعة أمداد نبوية وأن المد النبوي ما يسع رطلين بالرطل العراقي من عدس.
500 _aكتب في أولها ما رسمه "نبذة من رسالة العلامة عبد القادر الطرابلسي المدني المدرس بمدرسة بشير أغا".
650 7 _aالموازين والمقاييس (فقه إسلامي)
_vمخطوطات
_2aucsh
650 7 _aالزكاة (فقه إسلامي)
_vمخطوطات
_2aucsh
650 7 _aالفقه الإسلامي
_vمخطوطات
_2aucsh
942 _2ddc
_cRBOOK COPY
_n0
949 _aSA-JeALM
_d260212
_umohamedma123
_n1
999 _c14546
_d14546